Statistics for European Union cities by percentage of muslim population

Click here to take the quiz!

General Stats

  • This quiz has been taken 2,688 times
  • The average score is 12 of 19

Answer Stats

Percentage Country City % Correct
12,4%UKLondon
98%
15%FranceParis
96%
24%NetherlandsAmsterdam
94%
9%GermanyBerlin
93%
25,5%BelgiumBrussels
92%
15,8%UKManchester
91%
10%AustriaVienna
87%
10%DenmarkCopenhagen
86%
30%FranceMarseille
85%
21,8%UKBirmingham
85%
25%NetherlandsRotterdam
77%
6,7%BelgiumAntwerp
66%
20%SwedenMalmö
62%
12%GermanyCologne
51%
18,6%UKLeicester
25%
24,7%UKBradford
24%
24,6%UKLuton
11%
27%UKBlackburn
6%
23,3%UKSlough
5%

Score Distribution

Percentile by Number Answered

Percent of People with Each Score

Your Score History

You have not taken this quiz